| 000 | 00742nam a22002537i 4500 | ||
|---|---|---|---|
| 999 |
_c8128 _d8128 |
||
| 003 | URS | ||
| 005 | 20220117094943.0 | ||
| 008 | 170517b xxu||||| |||| 00| 0 eng d | ||
| 020 | _a9712714055 | ||
| 040 |
_erda _cURSP-College Library _beng |
||
| 050 | _b L57 2004 | ||
| 082 |
_a332.109599 _b L57 2004 |
||
| 100 | 1 | _aLeuterio, Mercedes M. | |
| 245 | _aBanking Theory and Practice | ||
| 264 | 1 |
_aPasig City _bAnvil Publishing, Incorporated _c2004. |
|
| 300 |
_a197 pages; _c25cm. |
||
| 336 |
_atext _btxt _2rdacontent |
||
| 337 |
_aunmediated _bn _2rdamedia |
||
| 338 |
_avolume _bnc _2rdacarrier |
||
| 504 | _aIncludes bibliography and glossary | ||
| 650 | 0 |
_aBanks and Banking _zPhilippines |
|
| 700 | _aEstepa, Consuelo | ||
| 942 |
_2lcc _cF |
||